Insolente belleza : (Record no. 197639)

MARC details
000 -LEADER
campo de control de longitud fija 01209nam a2200289 i 4500
001 - NÚMERO DE CONTROL
campo de control 197639
003 - IDENTIFICADOR DE NÚMERO DE CONTROL
campo de control SpMaBN
005 - FECHA Y HORA DE LA ÚLTIMA TRANSACCIÓN
campo de control 20250824063102.0
008 - DATOS DE LONGITUD FIJA--INFORMACIÓN GENERAL
campo de control de longitud fija 250615s2024 sp |||||| 000 | spa|
017 ## - NÚMERO DE COPYRIGHT O DE DEPÓSITO LEGAL
Número de copyright o de depósito legal M 28064-2024
Agencia que asigna Oficina Depósito Legal Madrid
020 ## - NÚMERO INTERNACIONAL ESTÁNDAR DEL LIBRO
Número Internacional Estándar del Libro 9788410083837
040 ## - FUENTE DE CATALOGACIÓN
Centro catalogador/agencia de origen SpMaBN
Lengua de catalogación spa
Centro/agencia transcriptor SpMaBN
Normas de descripción rda
100 1# - ENTRADA PRINCIPAL--NOMBRE DE PERSONA
Nombre de persona López Raso, Pablo
9 (RLIN) 241018
Término indicativo de función/relación Autor
245 10 - MENCIÓN DEL TÍTULO
Título Insolente belleza :
Resto del título una propuesta de apreciación del arte contemporáneo /
Mención de responsabilidad, etc. Pablo López Raso.
250 ## - MENCION DE EDICION
Mención de edición Primera edición: diciembre 2024
260 ## - PUBLICACIÓN, DISTRIBUCIÓN, ETC.
Lugar de publicación, distribución, etc. Madrid :
Nombre del editor, distribuidor, etc. Editorial Dykinson,
-- Editorial Síntesis,
-- Editorial UFV,
Fecha de publicación, distribución, etc. 2024.
300 ## - DESCRIPCIÓN FÍSICA
Extensión 163 páginas ;
Dimensiones 23 cm.
336 ## - TIPO DE CONTENIDO
Término de tipo de contenido Texto
Fuente rdacontent
337 ## - TIPO DE MEDIO
Nombre/término del tipo de medio sin mediación
Fuente rdamedia
338 ## - TIPO DE SOPORTE
Nombre/término del tipo de soporte volumen
Fuente rdacarrier
650 #7 - PUNTO DE ACCESO ADICIONAL DE MATERIA--TÉRMINO DE MATERIA
Fuente del encabezamiento o término embne
9 (RLIN) 10068
Término de materia o nombre geográfico como elemento de entrada Arte
852 ## - LOCALIZACIÓN
Ubicación ES-MaACL
Ubicación en estantería Depósito J
Número de control de estantería N-10532
Encuadernación Encuadernación rústica con solapas
itemnumber 206655
Donativo/Legado Donación: Editorial
942 ## - ELEMENTOS DE ENTRADA SECUNDARIOS (KOHA)
Tipo de ítem Koha Libro impreso
Suprimir en OPAC No
Holdings
Estatus retirado Estado de pérdida Fuente del sistema de clasificación o colocación Estado de daño No para préstamo Biblioteca de origen Biblioteca actual Ubicación en estantería Fecha de adquisición Fuente de adquisición Total de préstamos Signatura topográfica completa Código de barras Visto por última vez Precio de reemplazo Tipo de ítem Koha
    Clasificación decimal universal     Biblioteca del Ateneo de Madrid Biblioteca del Ateneo de Madrid Depósito J 22/08/2025 Donación   N-10532 2025-1031 22/08/2025 22/08/2025 Libro impreso